[Event "Asian Nations Cup"]
[Site "http://asianchess.com/live/mnations/anco/"]
[Date "2016.03.29"]
[Round "2"]
[Board "2"]
[White "Batchuluun, Tsegmed"]
[Black "Sethuraman, S.P."]
[Result "1-0"]
[WhiteElo "2460"]
[BlackElo "2658"]
[PlyCount "0"]
[EventDate "2016.03.28"]
[EventType "team"]
[EventRounds "9"]
[EventCountry "UAE"]
[WhiteTeam "Mongolia"]
[BlackTeam "India"]

1. d4 {[%clk 1:30:55]} Nf6 {[%clk 1:30:52]} 2. c4 {[%clk 1:31:19]} b6
{[%clk 1:31:17]} 3. Nf3 {[%clk 1:26:35]} Bb7 {[%clk 1:31:40]} 4. g3
{[%clk 1:26:59]} c5 {[%clk 1:31:53]} 5. Bg2 {[%clk 1:25:13]} cxd4
{[%clk 1:30:54]} 6. O-O {[%clk 1:22:22]} Bxf3 {[%clk 1:13:03]} 7. exf3
{[%clk 1:20:00]} Nc6 {[%clk 1:13:27]} 8. f4 {[%clk 1:06:32]} e6 {[%clk 1:13:22]}
9. b3 {[%clk 1:05:00]} Bc5 {[%clk 1:11:08]} 10. Na3 {[%clk 1:02:33]} O-O
{[%clk 1:04:31]} 11. Bb2 {[%clk 1:01:13]} d5 {[%clk 1:02:34]} 12. Nb5
{[%clk 0:53:07]} Rc8 {[%clk 1:01:38]} 13. Rc1 {[%clk 0:40:00]} d3
{[%clk 0:29:08]} 14. Qxd3 {[%clk 0:35:00]} a6 {[%clk 0:29:32]} 15. Nc3
{[%clk 0:30:34]} Nb4 {[%clk 0:27:51]} 16. Qe2 {[%clk 0:30:11]} dxc4
{[%clk 0:16:54]} 17. Rcd1 {[%clk 0:30:17]} Qe7 {[%clk 0:11:48]} 18. bxc4
{[%clk 0:30:40]} Nc6 {[%clk 0:08:51]} 19. Na4 {[%clk 0:29:17]} Na5
{[%clk 0:08:07]} 20. Nxc5 {[%clk 0:27:59]} Qxc5 {[%clk 0:08:09]} 21. Bd4
{[%clk 0:20:32]} Qxc4 {[%clk 0:08:24]} 22. Qb2 {[%clk 0:19:51]} b5
{[%clk 0:03:45]} 23. Bxf6 {[%clk 0:18:57]} gxf6 {[%clk 0:04:11]} 24. Qxf6
{[%clk 0:19:17]} Qc2 {[%clk 0:04:04]} 25. Rfe1 {[%clk 0:18:25]} Qg6
{[%clk 0:04:14]} 26. Qe7 {[%clk 0:16:55]} Nc4 {[%clk 0:03:53]} 27. Bb7
{[%clk 0:14:59]} Rce8 {[%clk 0:02:19]} 28. Qc7 {[%clk 0:13:00]} a5
{[%clk 0:01:08]} 29. a4 {[%clk 0:13:20]} Nb2 {[%clk 0:00:38]} 30. Rb1
{[%clk 0:13:44]} Nxa4 {[%clk 0:00:54]} 31. Rxb5 {[%clk 0:14:07]} Qf6
{[%clk 0:01:01]} 32. Qxa5 {[%clk 0:13:22]} Nc3 {[%clk 0:01:20]} 33. Rbe5
{[%clk 0:13:17]} Rc8 {[%clk 0:00:38]} 34. Bxc8 {[%clk 0:13:29]} Rxc8
{[%clk 0:01:04]} 35. Rg5+ {[%clk 0:13:15]} Kh8 {[%clk 0:01:31]} 36. Rc5
{[%clk 0:13:30]} Rxc5 {[%clk 0:01:14]} 37. Qxc5 {[%clk 0:13:53]} h6
{[%clk 0:01:16]} 38. Qe5 {[%clk 0:12:42]} Nd5 {[%clk 0:01:40]} 39. Kg2
{[%clk 0:13:00]} Kg7 {[%clk 0:02:06]} 40. Kf3 {[%clk 0:13:09]} Ne7
{[%clk 0:02:25]} 41. Ra1 {[%clk 0:12:44]} Nc6 {[%clk 0:01:34]} 42. Qxf6+
{[%clk 0:13:03]} Kxf6 {[%clk 0:01:59]} 43. Ke4 {[%clk 0:13:02]} Ne7
{[%clk 0:02:11]} 44. Ra5 {[%clk 0:13:20]} Kg6 {[%clk 0:02:14]} 45. Rc5
{[%clk 0:13:23]} Kf6 {[%clk 0:02:39]} 46. h4 {[%clk 0:13:23]} Nf5
{[%clk 0:02:11]} 47. Rxf5+ {[%clk 0:11:58]} exf5+ {[%clk 0:02:35]} 48. Kd5
{[%clk 0:12:27]} Kg7 {[%clk 0:23:27]} 49. h5 {[%clk 0:43:37]} Kf6
{[%clk 0:23:46]} 50. Ke4 1-0

[Event "Asian Nations Cup"]
[Site "http://asianchess.com/live/mnations/anco/"]
[Date "2016.03.29"]
[Round "2"]
[Board "3"]
[White "Vidit, Santosh Gujrathi"]
[Black "Munkhgal, Gombosuren"]
[Result "1/2-1/2"]
[WhiteElo "2648"]
[BlackElo "2419"]
[PlyCount "0"]
[EventDate "2016.03.28"]
[EventType "team"]
[EventRounds "9"]
[EventCountry "UAE"]
[WhiteTeam "India"]
[BlackTeam "Mongolia"]

1. d4 {[%clk 1:30:55]} Nf6 {[%clk 1:30:49]} 2. c4 {[%clk 1:31:19]} e6
{[%clk 1:31:16]} 3. Nf3 {[%clk 1:31:41]} d5 {[%clk 1:31:38]} 4. Nc3
{[%clk 1:32:05]} Bb4 {[%clk 1:32:00]} 5. Bg5 {[%clk 1:32:27]} h6 {[%clk 1:32:19]}
6. Bxf6 {[%clk 1:32:49]} Qxf6 {[%clk 1:32:43]} 7. Qb3 {[%clk 1:33:13]} c5
{[%clk 1:32:36]} 8. cxd5 {[%clk 1:33:35]} exd5 {[%clk 1:33:01]} 9. a3
{[%clk 1:33:59]} Bxc3+ {[%clk 1:32:22]} 10. Qxc3 {[%clk 1:34:27]} c4
{[%clk 1:29:39]} 11. b3 {[%clk 1:34:27]} b5 {[%clk 1:19:55]} 12. a4
{[%clk 1:33:11]} b4 {[%clk 1:15:06]} 13. Qxb4 {[%clk 1:33:29]} Nc6
{[%clk 1:15:33]} 14. Qc3 {[%clk 1:11:17]} Bg4 {[%clk 0:59:26]} 15. bxc4
{[%clk 1:00:36]} Bxf3 {[%clk 0:58:58]} 16. gxf3 {[%clk 1:00:53]} dxc4
{[%clk 0:52:38]} 17. e3 {[%clk 0:56:32]} O-O {[%clk 0:52:28]} 18. Bxc4
{[%clk 0:53:05]} Qxf3 {[%clk 0:50:04]} 19. Rg1 {[%clk 0:53:24]} Qf6
{[%clk 0:48:58]} 20. Rc1 {[%clk 0:45:41]} Rad8 {[%clk 0:37:10]} 21. Rg4
{[%clk 0:41:53]} Ne7 {[%clk 0:26:11]} 22. Ke2 {[%clk 0:40:54]} Rc8
{[%clk 0:24:52]} 23. Rcg1 {[%clk 0:38:53]} g6 {[%clk 0:18:55]} 24. Qd3
{[%clk 0:38:36]} Kg7 {[%clk 0:16:47]} 25. Rf4 {[%clk 0:26:57]} Qd6
{[%clk 0:15:51]} 26. d5 {[%clk 0:25:54]} f5 {[%clk 0:14:33]} 27. Qd4+
{[%clk 0:21:19]} Kh7 {[%clk 0:14:29]} 28. Rh4 {[%clk 0:21:08]} f4
{[%clk 0:10:00]} 29. Rxf4 {[%clk 0:18:07]} Rxf4 {[%clk 0:10:22]} 30. exf4
{[%clk 0:18:34]} Qb4 {[%clk 0:03:28]} 31. Rc1 {[%clk 0:16:51]} Nf5
{[%clk 0:02:10]} 32. Qxa7+ {[%clk 0:03:27]} Kh8 {[%clk 0:02:24]} 33. Qa6
{[%clk 0:03:33]} Nd6 {[%clk 0:02:10]} 34. Kd3 {[%clk 0:03:44]} Rf8
{[%clk 0:01:06]} 35. Qa7 {[%clk 0:01:57]} Rxf4 {[%clk 0:01:21]} 36. Qe3
{[%clk 0:00:50]} g5 {[%clk 0:00:35]} 37. Ba2 {[%clk 0:00:32]} Qa3+
{[%clk 0:00:35]} 38. Rc3 {[%clk 0:01:00]} Qxa2 {[%clk 0:00:43]} 39. Qe5+
{[%clk 0:01:11]} Kh7 {[%clk 0:00:44]} 40. Rc7+ {[%clk 0:00:35]} Nf7
{[%clk 0:00:59]} 41. Qxf4 {[%clk 0:01:02]} Qb1+ {[%clk 0:00:32]} 42. Ke2
{[%clk 0:29:49]} gxf4 {[%clk 0:31:16]} 43. Rxf7+ {[%clk 0:30:18]} Kg6
{[%clk 0:31:33]} 44. Rxf4 {[%clk 0:30:46]} Qc2+ {[%clk 0:29:02]} 45. Kf3
{[%clk 0:26:10]} Qd1+ {[%clk 0:28:29]} 46. Ke3 {[%clk 0:19:43]} Qc1+
{[%clk 0:27:05]} 47. Kf3 {[%clk 0:19:02]} Qh1+ {[%clk 0:27:23]} 48. Ke2
{[%clk 0:16:52]} Qxh2 {[%clk 0:25:05]} 49. Rd4 {[%clk 0:17:03]} Kf7
{[%clk 0:24:38]} 50. d6 {[%clk 0:17:02]} Ke8 {[%clk 0:25:04]} 51. d7+
{[%clk 0:15:35]} Kd8 {[%clk 0:25:31]} 52. Rd3 {[%clk 0:09:43]} h5
{[%clk 0:25:24]} 53. a5 {[%clk 0:07:58]} Qe5+ {[%clk 0:25:16]} 54. Re3
{[%clk 0:07:42]} Qxa5 {[%clk 0:25:25]} 55. Kf1 {[%clk 0:08:02]} Qg5
{[%clk 0:22:08]} 56. Rg3 {[%clk 0:08:23]} Qf4 {[%clk 0:22:02]} 57. Kg2
{[%clk 0:08:22]} Kxd7 {[%clk 0:22:14]} 58. Rd3+ {[%clk 0:07:50]} Ke6
{[%clk 0:22:31]} 59. Re3+ {[%clk 0:08:02]} Kd5 {[%clk 0:22:57]} 60. Rd3+
{[%clk 0:08:25]} Ke4 {[%clk 0:23:15]} 61. Re3+ {[%clk 0:08:50]} Kd4
{[%clk 0:23:29]} 62. Rg3 {[%clk 0:05:28]} h4 {[%clk 0:23:43]} 63. Re3
{[%clk 0:05:50]} Qg4+ {[%clk 0:24:00]} 64. Kh2 {[%clk 0:06:11]} Kd5
{[%clk 0:24:17]} 65. Rd3+ {[%clk 0:04:44]} Ke5 {[%clk 0:24:28]} 66. Re3+
{[%clk 0:05:11]} Kf5 {[%clk 0:24:44]} 67. Rh3 {[%clk 0:04:55]} Qc4
{[%clk 0:22:59]} 68. Kg2 {[%clk 0:04:29]} Qe4+ {[%clk 0:21:41]} 69. Kh2
{[%clk 0:04:22]} Kg5 {[%clk 0:21:28]} 70. Kg1 {[%clk 0:03:39]} Qf5
{[%clk 0:21:31]} 71. Kg2 {[%clk 0:04:00]} Kg4 {[%clk 0:21:51]} 72. Re3
{[%clk 0:04:20]} Qh7 {[%clk 0:21:52]} 73. Kh2 {[%clk 0:04:30]} Qc7+
{[%clk 0:21:12]} 74. Kg2 {[%clk 0:04:53]} Qc1 {[%clk 0:19:55]} 75. Re4+
{[%clk 0:05:06]} Kf5 {[%clk 0:20:04]} 76. Re3 {[%clk 0:05:20]} Kf4
{[%clk 0:19:59]} 77. Rf3+ {[%clk 0:

[Event "Asian Nations Cup"]
[Site "http://asianchess.com/live/mnations/anco/"]
[Date "2016.03.29"]
[Round "2"]
[Board "3"]
[White "Salih, Akar Ali Salih"]
[Black "Dao, Thien Hai"]
[Result "0-1"]
[WhiteElo "2279"]
[BlackElo "2481"]
[PlyCount "0"]
[EventDate "2016.03.28"]
[EventType "team"]
[EventRounds "9"]
[EventCountry "UAE"]
[WhiteTeam "Iraq"]
[BlackTeam "Vietnam"]

1. e4 {[%clk 1:27:54]} c5 {[%clk 1:30:48]} 2. Nf3 {[%clk 1:27:54]} d6
{[%clk 1:30:36]} 3. d4 {[%clk 1:28:16]} cxd4 {[%clk 1:31:02]} 4. Nxd4
{[%clk 1:28:38]} Nf6 {[%clk 1:31:27]} 5. Nc3 {[%clk 1:29:02]} a6 {[%clk 1:31:54]}
6. Be3 {[%clk 1:28:48]} e6 {[%clk 1:28:01]} 7. g4 {[%clk 1:23:12]} b5
{[%clk 1:22:10]} 8. g5 {[%clk 1:22:35]} Nfd7 {[%clk 1:22:35]} 9. Qd2
{[%clk 1:19:29]} Bb7 {[%clk 1:22:45]} 10. f3 {[%clk 1:17:33]} Nb6
{[%clk 1:19:52]} 11. O-O-O {[%clk 0:56:23]} N8d7 {[%clk 1:15:24]} 12. Qf2
{[%clk 0:53:32]} Rc8 {[%clk 1:07:55]} 13. h4 {[%clk 0:50:12]} b4 {[%clk 0:51:14]}
14. Nb1 {[%clk 0:49:19]} d5 {[%clk 0:48:04]} 15. Nb3 {[%clk 0:42:57]} Qc7
{[%clk 0:46:45]} 16. Na5 {[%clk 0:41:46]} Bc5 {[%clk 0:39:44]} 17. Rd2
{[%clk 0:34:49]} O-O {[%clk 0:39:10]} 18. Nxb7 {[%clk 0:34:21]} Qxb7
{[%clk 0:39:35]} 19. h5 {[%clk 0:33:04]} dxe4 {[%clk 0:36:32]} 20. h6
{[%clk 0:25:34]} g6 {[%clk 0:36:47]} 21. Bxc5 {[%clk 0:24:58]} Nxc5
{[%clk 0:34:40]} 22. Qd4 {[%clk 0:24:56]} f6 {[%clk 0:34:20]} 23. Qxb4
{[%clk 0:24:24]} fxg5 {[%clk 0:33:50]} 24. Rd6 {[%clk 0:23:32]} Rc6
{[%clk 0:26:10]} 25. Rxc6 {[%clk 0:22:54]} Qxc6 {[%clk 0:26:36]} 26. Qc3
{[%clk 0:21:13]} Qc7 {[%clk 0:24:49]} 27. b4 {[%clk 0:10:45]} Nba4
{[%clk 0:22:22]} 28. Qd4 {[%clk 0:09:16]} Nd3+ {[%clk 0:18:26]} 29. Bxd3
{[%clk 0:09:45]} exd3 {[%clk 0:18:48]} 30. Qxd3 {[%clk 0:10:09]} Qf4+
{[%clk 0:18:46]} 31. Nd2 {[%clk 0:06:14]} Qxb4 {[%clk 0:18:57]} 32. Qd7
{[%clk 0:06:21]} Qb2+ {[%clk 0:15:48]} 33. Kd1 {[%clk 0:06:43]} Nc3+
{[%clk 0:15:40]} 34. Ke1 {[%clk 0:06:40]} Qc1+ {[%clk 0:15:58]} 35. Kf2
{[%clk 0:06:09]} Qxd2+ {[%clk 0:16:22]} 36. Qxd2 {[%clk 0:06:31]} Ne4+
{[%clk 0:16:48]} 37. Ke2 {[%clk 0:06:22]} Nxd2 {[%clk 0:17:15]} 38. Kxd2
{[%clk 0:06:47]} Rxf3 {[%clk 0:17:38]} 39. Rb1 {[%clk 0:05:53]} g4
{[%clk 0:17:32]} 40. c4 {[%clk 0:03:20]} Kf7 {[%clk 0:13:32]} 41. c5
{[%clk 0:03:16]} Rf5 {[%clk 0:13:33]} 42. c6 {[%clk 0:29:22]} Rc5
{[%clk 0:40:51]} 43. Rb7+ {[%clk 0:27:01]} Kf6 {[%clk 0:41:17]} 44. Rxh7
{[%clk 0:26:54]} Rxc6 {[%clk 0:41:42]} 45. Ra7 {[%clk 0:26:32]} Rc8
{[%clk 0:42:05]} 46. Ke3 {[%clk 0:23:17]} Rh8 {[%clk 0:40:49]} 47. Kf4
{[%clk 0:20:43]} Rxh6 {[%clk 0:41:00]} 48. Kxg4 {[%clk 0:20:35]} g5
{[%clk 0:39:35]} 49. Rxa6 {[%clk 0:20:07]} Rh4+ {[%clk 0:39:12]} 50. Kg3
{[%clk 0:19:05]} Rc4 {[%clk 0:38:18]} 51. Ra8 {[%clk 0:18:43]} Kf5
{[%clk 0:38:02]} 52. Rf8+ {[%clk 0:18:19]} Ke5 {[%clk 0:37:00]} 53. Rg8
{[%clk 0:18:02]} Rc3+ {[%clk 0:32:30]} 54. Kg4 {[%clk 0:17:07]} Ra3
{[%clk 0:32:55]} 55. Rxg5+ {[%clk 0:17:14]} Kd4 {[%clk 0:32:57]} 56. Rg8
{[%clk 0:10:12]} e5 {[%clk 0:33:12]} 57. Rd8+ {[%clk 0:10:05]} Ke3
{[%clk 0:33:24]} 58. Re8 {[%clk 0:05:22]} e4 {[%clk 0:33:45]} 59. Kg3
{[%clk 0:04:01]} Rxa2 {[%clk 0:33:07]} 60. Rb8 {[%clk 0:03:54]} Ke2
{[%clk 0:33:10]} 61. Kg2 {[%clk 0:04:08]} e3 {[%clk 0:33:13]} 62. Rb7
{[%clk 0:03:29]} Ra8 {[%clk 0:31:40]} 63. Rb2+ {[%clk 0:03:45]} Kd3
{[%clk 0:31:04]} 64. Rb7 {[%clk 0:03:16]} Rg8+ {[%clk 0:30:56]} 65. Kf3
{[%clk 0:02:44]} Rf8+ {[%clk 0:31:21]} 66. Kg2 {[%clk 0:03:01]} e2
{[%clk 0:31:00]} 67. Rd7+ {[%clk 0:03:26]} Kc2 {[%clk 0:31:18]} 68. Rc7+
{[%clk 0:03:30]} Kd2 {[%clk 0:31:43]} 69. Rd7+ {[%clk 0:03:56]} Ke1
{[%clk 0:32:09]} 70. Ra7 {[%clk 0:03:48]} Rf2+ {[%clk 0:32:07]} 71. Kg1
{[%clk 0:02:42]} Rf1+ {[%clk 0:32:32]} 72. Rd7 0-1

[Event "Asian Nations Cup"]
[Site "http://asianchess.com/live/mnations/anco/"]
[Date "2016.03.29"]
[Round "2"]
[Board "4"]
[White "Khalifah, Khaled"]
[Black "Amini, Habibullah"]
[Result "0-1"]
[WhiteElo "1532"]
[BlackElo "1995"]
[PlyCount "0"]
[EventDate "2016.03.28"]
[EventType "team"]
[EventRounds "9"]
[EventCountry "UAE"]
[WhiteTeam "UAE 3"]
[BlackTeam "Afghanistan"]

1. d4 {[%clk 1:30:33]} Nf6 {[%clk 1:30:38]} 2. Bf4 {[%clk 1:29:28]} e6
{[%clk 1:29:11]} 3. Nf3 {[%clk 1:28:37]} Be7 {[%clk 1:28:48]} 4. e3
{[%clk 1:27:17]} O-O {[%clk 1:28:56]} 5. h3 {[%clk 1:25:00]} b6 {[%clk 1:26:48]}
6. Bd3 {[%clk 1:16:50]} Bb7 {[%clk 1:26:26]} 7. O-O {[%clk 1:15:33]} d6
{[%clk 1:23:52]} 8. Re1 {[%clk 1:07:51]} Ne4 {[%clk 1:15:43]} 9. c3
{[%clk 0:52:49]} Nd7 {[%clk 1:14:23]} 10. Qc2 {[%clk 0:42:58]} f5
{[%clk 1:13:48]} 11. Bxe4 {[%clk 0:37:20]} Bxe4 {[%clk 1:13:04]} 12. Qe2
{[%clk 0:36:18]} Bb7 {[%clk 1:10:30]} 13. Nbd2 {[%clk 0:35:34]} Nf6
{[%clk 1:07:02]} 14. Qc4 {[%clk 0:35:22]} Bd5 {[%clk 1:01:23]} 15. Qe2
{[%clk 0:34:55]} Bb7 {[%clk 0:57:23]} 16. Ng5 {[%clk 0:32:50]} Qd7
{[%clk 0:57:25]} 17. a4 {[%clk 0:27:54]} a5 {[%clk 0:56:50]} 18. Qb5
{[%clk 0:27:41]} Bc6 {[%clk 0:56:59]} 19. Qc4 {[%clk 0:27:56]} Nd5
{[%clk 0:54:45]} 20. Nxe6 {[%clk 0:27:11]} Rf6 {[%clk 0:23:36]} 21. Ng5
{[%clk 0:26:07]} Rg6 {[%clk 0:23:58]} 22. Ngf3 {[%clk 0:26:10]} Kh8
{[%clk 0:24:11]} 23. Bg3 {[%clk 0:25:49]} Nf6 {[%clk 0:15:41]} 24. Nh4
{[%clk 0:25:09]} Rg5 {[%clk 0:13:30]} 25. Nhf3 {[%clk 0:19:17]} Rh5
{[%clk 0:13:45]} 26. b3 {[%clk 0:18:36]} Rf8 {[%clk 0:13:44]} 27. Qd3
{[%clk 0:18:45]} Be4 {[%clk 0:12:04]} 28. Qb5 {[%clk 0:18:07]} Qc8
{[%clk 0:12:10]} 29. Qc4 {[%clk 0:14:47]} Bb7 {[%clk 0:10:49]} 30. Qd3
{[%clk 0:14:13]} Ne4 {[%clk 0:10:25]} 31. Bf4 {[%clk 0:13:15]} g5
{[%clk 0:09:09]} 32. Bg3 {[%clk 0:11:21]} Qe6 {[%clk 0:07:09]} 33. c4
{[%clk 0:10:37]} Qg6 {[%clk 0:07:33]} 34. Kh2 {[%clk 0:09:08]} g4
{[%clk 0:07:06]} 35. Ng1 {[%clk 0:09:12]} gxh3 {[%clk 0:06:16]} 36. Nxh3
{[%clk 0:08:46]} Ng5 {[%clk 0:05:12]} 37. f3 {[%clk 0:07:03]} Rg8
{[%clk 0:02:25]} 38. Rg1 {[%clk 0:06:26]} f4 {[%clk 0:02:44]} 39. Qxg6
{[%clk 0:06:17]} fxg3+ {[%clk 0:03:07]} 40. Kxg3 {[%clk 0:06:34]} Rxg6
{[%clk 0:03:10]} 41. Nxg5 {[%clk 0:06:55]} Rhxg5+ {[%clk 0:02:49]} 42. Kf2
{[%clk 0:07:19]} Rg3 {[%clk 0:02:16]} 43. d5 {[%clk 0:07:24]} Bh4
{[%clk 0:02:32]} 44. Kf1 {[%clk 0:07:38]} Rg8 {[%clk 0:01:03]} 45. Ne4
{[%clk 0:08:01]} R3g6 {[%clk 0:00:58]} 46. Ra2 {[%clk 0:08:12]} Bc8
{[%clk 0:01:19]} 47. Rh1 {[%clk 0:08:30]} Bg3 {[%clk 0:01:36]} 48. f4
{[%clk 0:07:55]} Re8 {[%clk 0:01:11]} 49. Ng5 {[%clk 0:07:47]} h6
{[%clk 0:30:57]} 50. Ke2 {[%clk 0:38:01]} Bxf4 {[%clk 0:31:10]} 51. Nh3
{[%clk 0:37:39]} Bxe3 {[%clk 0:30:21]} 52. Kd1 {[%clk 0:36:50]} Bg4+
{[%clk 0:30:35]} 53. Ng1 0-1

[Event "Asian Nations Cup"]
[Site "http://asianchess.com/live/mnations/anco/"]
[Date "2016.03.30"]
[Round "3"]
[Board "3"]
[White "Taalaibekov, Tagir"]
[Black "Firouzja, Alireza"]
[Result "0-1"]
[WhiteElo "2150"]
[BlackElo "2475"]
[PlyCount "0"]
[EventDate "2016.03.28"]
[EventType "team"]
[EventRounds "9"]
[EventCountry "UAE"]
[WhiteTeam "Kyrgyzstan"]
[BlackTeam "Iran"]

1. d4 {[%clk 1:30:55]} Nf6 {[%clk 1:29:25]} 2. g3 {[%clk 1:31:20]} c5
{[%clk 1:29:22]} 3. d5 {[%clk 1:30:53]} b5 {[%clk 1:29:38]} 4. Bg2
{[%clk 1:30:54]} d6 {[%clk 1:29:44]} 5. c4 {[%clk 1:29:41]} bxc4 {[%clk 1:29:46]}
6. Qc2 {[%clk 1:30:03]} Nbd7 {[%clk 1:26:07]} 7. Na3 {[%clk 1:30:12]} Nb6
{[%clk 1:22:30]} 8. e4 {[%clk 1:30:37]} Ba6 {[%clk 1:19:36]} 9. Nf3
{[%clk 1:29:31]} g6 {[%clk 1:16:56]} 10. Bd2 {[%clk 1:29:51]} Bg7
{[%clk 1:15:49]} 11. Bc3 {[%clk 1:30:14]} O-O {[%clk 1:13:38]} 12. O-O
{[%clk 1:29:28]} Qd7 {[%clk 1:12:46]} 13. Nd2 {[%clk 1:25:10]} Na4
{[%clk 1:10:06]} 14. Naxc4 {[%clk 1:22:50]} Nxc3 {[%clk 1:10:17]} 15. bxc3
{[%clk 1:22:48]} Ne8 {[%clk 0:55:23]} 16. Rfe1 {[%clk 1:21:39]} Nc7
{[%clk 0:51:51]} 17. a4 {[%clk 1:20:35]} e6 {[%clk 0:43:38]} 18. Bh3
{[%clk 1:16:25]} Qd8 {[%clk 0:41:40]} 19. Ne3 {[%clk 1:12:17]} exd5
{[%clk 0:40:50]} 20. exd5 {[%clk 1:12:24]} Re8 {[%clk 0:39:18]} 21. Bg2
{[%clk 1:11:35]} f5 {[%clk 0:38:01]} 22. f4 {[%clk 1:07:23]} Qf6 {[%clk 0:38:03]}
23. Rac1 {[%clk 1:07:48]} Re7 {[%clk 0:38:00]} 24. Ndc4 {[%clk 1:06:45]} Rae8
{[%clk 0:30:57]} 25. Qd2 {[%clk 1:07:08]} Na8 {[%clk 0:14:36]} 26. Na5
{[%clk 0:58:20]} Nb6 {[%clk 0:14:57]} 27. Nc6 {[%clk 0:57:22]} Rf7
{[%clk 0:13:55]} 28. Kf2 {[%clk 0:54:30]} Rff8 {[%clk 0:11:06]} 29. Qa2
{[%clk 0:52:14]} g5 {[%clk 0:10:05]} 30. a5 {[%clk 0:47:49]} Nc8 {[%clk 0:09:14]}
31. Qa4 {[%clk 0:44:50]} Bh6 {[%clk 0:07:33]} 32. Nb8 {[%clk 0:29:24]} gxf4
{[%clk 0:06:05]} 33. Ng4 {[%clk 0:25:47]} fxg3+ {[%clk 0:03:40]} 34. Kxg3
{[%clk 0:25:31]} fxg4 {[%clk 0:04:02]} 35. Qxg4+ {[%clk 0:07:25]} Kh8
{[%clk 0:04:16]} 36. Nc6 Kg8 37. Nb8+ 0-1

[Event "Asian Nations Cup"]
[Site "http://asianchess.com/live/mnations/anco/"]
[Date "2016.03.30"]
[Round "3"]
[Board "4"]
[White "Khoroshev, Nikita"]
[Black "Bilguun, Sumiya"]
[Result "1/2-1/2"]
[WhiteElo "2337"]
[BlackElo "2363"]
[PlyCount "0"]
[EventDate "2016.03.28"]
[EventType "team"]
[EventRounds "9"]
[EventCountry "UAE"]
[WhiteTeam "Uzbekistan"]
[BlackTeam "Mongolia"]

1. d4 {[%clk 1:30:42]} d5 {[%clk 1:30:47]} 2. c4 {[%clk 1:31:05]} e6
{[%clk 1:31:08]} 3. Nf3 {[%clk 1:31:16]} c6 {[%clk 1:31:27]} 4. Nbd2
{[%clk 1:31:30]} Nf6 {[%clk 1:27:25]} 5. g3 {[%clk 1:31:27]} Nbd7
{[%clk 1:14:42]} 6. Bg2 {[%clk 1:31:31]} Bd6 {[%clk 1:14:13]} 7. O-O
{[%clk 1:31:52]} O-O {[%clk 1:14:12]} 8. Qc2 {[%clk 1:32:16]} Re8
{[%clk 1:07:43]} 9. Rd1 {[%clk 1:26:13]} Qe7 {[%clk 1:06:17]} 10. Re1
{[%clk 1:07:23]} e5 {[%clk 0:55:50]} 11. dxe5 {[%clk 1:05:21]} Nxe5
{[%clk 0:55:51]} 12. Nxe5 {[%clk 1:05:45]} Qxe5 {[%clk 0:55:46]} 13. cxd5
{[%clk 1:04:31]} cxd5 {[%clk 0:53:18]} 14. Nf3 {[%clk 1:03:36]} Qh5
{[%clk 0:49:36]} 15. Bg5 {[%clk 0:56:36]} Ng4 {[%clk 0:34:36]} 16. Rad1
{[%clk 0:54:25]} Be6 17. h3 {[%clk 0:49:50]} Ne5 {[%clk 0:31:46]} 18. Bf4
{[%clk 0:49:55]} Bxh3 {[%clk 0:19:46]} 19. Bxe5 {[%clk 0:46:31]} Bxe5
{[%clk 0:17:58]} 20. Rxd5 {[%clk 0:46:36]} f6 {[%clk 0:14:15]} 21. Bxh3
{[%clk 0:41:03]} Qxh3 {[%clk 0:14:36]} 22. Nxe5 {[%clk 0:41:28]} fxe5
{[%clk 0:14:39]} 23. Qb3 {[%clk 0:41:45]} Qe6 {[%clk 0:12:00]} 24. Rxe5
{[%clk 0:39:14]} Qxb3 {[%clk 0:12:25]} 25. Rxe8+ {[%clk 0:39:39]} Rxe8
{[%clk 0:12:52]} 26. axb3 {[%clk 0:40:02]} Re4 {[%clk 0:13:19]} 27. Ra1
{[%clk 0:38:33]} Rxe2 {[%clk 0:13:40]} 28. Rxa7 {[%clk 0:39:00]} Re7
{[%clk 0:14:04]} 29. Ra5 {[%clk 0:37:18]} Re6 {[%clk 0:13:42]} 30. Rb5
{[%clk 0:37:02]} b6 {[%clk 0:13:59]} 31. f4 {[%clk 0:35:56]} Re2 {[%clk 0:08:44]}
32. Rxb6 {[%clk 0:36:00]} Rxb2 {[%clk 0:09:04]} 33. Rb7 {[%clk 0:36:27]} h5
{[%clk 0:08:51]} 34. Rb5 {[%clk 0:36:47]} Kf7 {[%clk 0:08:47]} 35. Rxh5
{[%clk 0:37:09]} Rxb3 {[%clk 0:09:09]} 36. Kg2 {[%clk 0:37:35]} g6
{[%clk 0:06:00]} 37. Ra5 {[%clk 0:37:59]} Kg7 {[%clk 0:05:58]} 38. Kh3
{[%clk 0:38:21]} Kh6 {[%clk 0:05:55]} 39. Kh4 {[%clk 0:38:31]} Rb4
{[%clk 0:05:23]} 40. Ra6 {[%clk 0:38:30]} Rc4 {[%clk 0:05:30]} 41. Re6
{[%clk 0:38:26]} Ra4 {[%clk 0:05:38]} 42. Kg4 {[%clk 0:38:48]} Ra3
{[%clk 0:02:42]} 43. Kh3 {[%clk 0:36:21]} Kg7 {[%clk 0:02:53]} 44. Kg2
{[%clk 0:36:14]} Kf7 {[%clk 0:02:35]} 45. Re5 {[%clk 0:36:43]} Kf6
{[%clk 0:26:13]} 46. Kf2 {[%clk 1:08:09]} Rb3 {[%clk 0:26:24]} 47. Re3
{[%clk 1:07:09]} Rb4 {[%clk 0:26:36]} 48. Ra3 {[%clk 1:06:45]} Rb5
{[%clk 0:25:15]} 49. g4 {[%clk 1:06:34]} Rb4 {[%clk 0:22:42]} 50. Kf3
{[%clk 1:06:58]} Kf7 {[%clk 0:21:58]} 51. Ra7+ {[%clk 1:07:18]} Kf8
{[%clk 0:22:20]} 52. Rd7 {[%clk 1:07:40]} Ra4 {[%clk 0:21:59]} 53. g5
{[%clk 1:05:05]} Rb4 {[%clk 0:21:48]} 54. Ke3 {[%clk 1:05:30]} Ra4
{[%clk 0:20:58]} 55. Rd4 {[%clk 1:05:56]} Ra6 {[%clk 0:20:55]} 56. Ke4
{[%clk 1:05:04]} Ke7 {[%clk 0:21:07]} 57. Rd5 {[%clk 1:05:19]} Ra1
{[%clk 0:21:09]} 58. Re5+ {[%clk 1:04:45]} Kf7 {[%clk 0:21:32]} 59. Rc5
{[%clk 1:04:05]} Re1+ {[%clk 0:21:49]} 60. Kd5 {[%clk 1:04:18]} Rd1+
{[%clk 0:22:01]} 61. Ke5 {[%clk 1:04:31]} Re1+ {[%clk 0:22:16]} 62. Kd4
{[%clk 1:03:47]} Rd1+ {[%clk 0:22:17]} 63. Ke3 {[%clk 1:04:13]} Re1+
{[%clk 0:20:58]} 64. Kf2 {[%clk 1:04:39]} Re4 {[%clk 0:21:20]} 65. Kf3
{[%clk 1:05:05]} Ra4 {[%clk 0:21:45]} 66. Rc7+ {[%clk 1:05:29]} Kf8
{[%clk 0:22:14]} 67. Rd7 {[%clk 1:05:52]} Rb4 {[%clk 0:22:33]} 68. Rd6
{[%clk 1:05:15]} Kf7 {[%clk 0:22:48]} 69. Ke3 {[%clk 1:05:21]} Ra4
{[%clk 0:23:02]} 70. Rd4 {[%clk 1:05:17]} Ra7 {[%clk 0:23:18]} 71. Ke4
{[%clk 1:05:34]} Re7+ {[%clk 0:23:24]} 72. Kd5 {[%clk 1:06:00]} Re1
{[%clk 0:23:30]} 73. Kd6 {[%clk 1:06:08]} Ra1 {[%clk 0:23:04]} 74. Kc6
{[%clk 1:05:37]} Rc1+ {[%clk 0:23:14]} 75. Kd5 {[%clk 1:05:33]} Re1
{[%clk 0:23:24]} 76. Re4 {[%clk 1:05:38]} Ra1 {[%clk 0:23:39]} 77. Rc4
{[%clk 1:05:15]} Rd1+ {[%clk 0:23:48]}

[Event "Asian Nations Cup"]
[Site "http://asianchess.com/live/mnations/anco/"]
[Date "2016.03.30"]
[Round "3"]
[Board "2"]
[White "Bassel, Charaf"]
[Black "Shrestha, Rajendra Prasad"]
[Result "1/2-1/2"]
[WhiteElo "2112"]
[BlackElo "1922"]
[PlyCount "0"]
[EventDate "2016.03.28"]
[EventType "team"]
[EventRounds "9"]
[EventCountry "UAE"]
[WhiteTeam "Lebanon"]
[BlackTeam "Nepal"]

1. e4 e6 2. b3 d5 3. Bb2 dxe4 4. Nc3 f5 5. Qh5+ g6 6. Qe2 Bg7 7. O-O-O Nf6 8. d3
exd3 9. Rxd3 Qe7 10. f4 O-O 11. Nf3 b6 12. Ng5 h6 13. Qf3 c6 14. Nh3 Bb7 15. Re3
c5 16. Qg3 Kh7 17. Qh4 Kg8 18. Bc4 Bc8 19. Rhe1 Re8 20. Bxe6+ Bxe6 21. Rxe6 Qxe6
22. Rxe6 Rxe6 23. Nb5 Na6 24. Nf2 Rae8 25. Nd3 Nb4 26. Be5 Nxd3+ 27. cxd3 Nd5 28.
d4 a6 29. Nd6 R8e7 30. dxc5 bxc5 31. Qg3 Bxe5 32. fxe5 Kh7 33. Nc4 Nb4 34. Kb2
Nc6 35. Qd3 Nxe5 36. Nxe5 Rxe5 37. Qxa6 Re2+ 38. Kc3 Rxg2 39. h4 f4 40. Qf6 Rge2
41. a4 f3 42. a5 f2 43. a6 h5 44. Kd3 R7e3+ 45. Kc4 Re4+ 46. Kd3 R4e3+ 47. Kc4
Re4+ 48. Kd3 Re5 49. Kxe2 Rxe2 1/2-1/2